| 000 | 00782cam a2200241 i 4500 | ||
|---|---|---|---|
| 999 |
_c200442918 _d61130 |
||
| 003 | TR-AnTOB | ||
| 005 | 20230417170724.0 | ||
| 007 | ta | ||
| 008 | 210813b ||||| |||| 00| 0 tur d | ||
| 020 | _a9789944318280 | ||
| 040 |
_aTR-AnTOB _beng _cTR-AnTOB _erda _dTR-AnTOB |
||
| 041 | 0 | _atur | |
| 060 | 1 | 4 |
_aW 3 _b.A58519 2007 |
| 096 |
_aW3 _b.A58519 2007 |
||
| 245 | 0 | 0 |
_aAntibiyotik tedavisinin temel ilkeleri / _cEditör Burke A. Cunha ; çeviri editörü Serhat Ünal ; çeviri Esra Sönmez, Selda Çoklu, Hatice Sevgi Çoban. |
| 264 | 1 |
_aNew York : _bStony Brook, _c2007. |
|
| 300 |
_a542 pages : _btables ; |
||
| 336 |
_2rdacontent _atext _btxt |
||
| 337 |
_2rdamedia _aunmediated _bn |
||
| 338 |
_2rdacarrier _avolume _bnc |
||
| 942 |
_2NLM _cBK |
||